00175nam a2200073 4500082001900000245004700019260002600066300000900092 aT19x5434 R137p aPathways to economic transformation, vot 1 aJaipurbCMRETACc2023 a174p